Normal view
MARC view
- التربية الخاصة-رعاية الطفولة-الأطفال
Entry Topical Term
001 - CONTROL NUMBER
- control field: 43064
003 - CONTROL NUMBER IDENTIFIER
- control field: JO-AjAnu
005 - DATE AND TIME OF LATEST TRANSACTION
- control field: 20230606081136.0
008 - FIXED-LENGTH DATA ELEMENTS
- fixed length control field: 230606|| aca||aabn | a|a d
040 ## - CATALOGING SOURCE
- Original cataloging agency: JO-AjAnu
- Transcribing agency: JO-AjAnu
150 ## - HEADING--TOPICAL TERM
- Topical term or geographic name entry element: التربية الخاصة-رعاية الطفولة-الأطفال
670 ## - SOURCE DATA FOUND
- Source citation: Work cat.: (JO-AjAnu)22054: طبال،سهى عبد الرحيم مترجمة/الخطيب،بسمة محمد مراجعة/Kitikos,Effie P مؤلف/, author 43063, أسس القياس في التربية الخاصة في الطفولة المبكرة=Foundation Of Assessment In Early Childhood Special Education